000 00462nam a2200157Ia 4500
003 OSt
005 20201013154052.0
008 190216s9999||||xx |||||||||||||| ||und||
040 _coclc
082 _a338.4791
_bPUR/T
100 _aPuri, Gopal G
_95661
245 0 _aTravel And Tourism For All /
_c Gopal G Puri
260 _bIIMS Publications,
_c1995.
_aNew Delhi:
300 _a228p
942 _cBK
_2ddc
_h338.4791
_iPUR/T
_k338.4791
_mPUR/T
999 _c37253
_d37253